000 01143nam0a2200325 4500
001 RU\NLR\bibl\740879
005 20250614002958.0
010 _a5-87403-053-0
_9100
021 _aRU
_b2004-48751
_92403
035 _a(NLR Aleph) 000730767
090 _a761169
_c761169
100 _a20050328d2003 |||y0rusy50 ca
101 0 _arus
102 _aRU
105 _ay |||||||||
200 1 _aРусская афористика первой половины XIX века
_fО. Н. Кулишкина
_gС.-Петерб. гос. ун-т
210 _aСанкт-Петербург
_cРОПИ СПбГУ
_d2003
215 _a116, [2] с.
_d20
320 _aБиблиогр. в прим. в конце гл.
606 1 _aАфоризмы
_91063027
_3RU\NLR\auth\6694446
686 _aШ5(2=Р)51-33
686 _aШ401.449.8
700 1 _4070
_aКулишкина
_bО. Н.
_cд-р филол. наук
_gОльга Николаевна
_9219623
_3RU\NLR\AUTH\770219679
801 0 _aRU
_bNLR
_c20050328
_grcr
801 1 _aRU
_bNLR
_c20050328
830 _aавт. по кн.
942 _cBOOK
980 _aNB